000 00548nam a22001697a 4500
999 _c12630
_d12630
008 190131b ||||| |||| 00| 0 eng d
082 _22001
_aDFil 899.211
_bP53
245 _aOrigin of the races/
_cDamiana Eugenio [Compiler and Editor]
260 _aQuezon City:
_bUP Press;
_c©2001
300 _aPage 334-335;
_c22.5 cm.
500 _aPhilippine folk literature: The myths
650 _aMythology
_935732
650 _aLegends
_935733
650 _aPhilippine folk literature (English)
_935734
650 _aFolklore
_935735
942 _2ddc
_cDFIL